000 01185nam a22002657a 4500
001 80449
003 BD-RjUL
005 20230604103817.0
008 220927s2007 bg a|||| m||| 00| 0 eng d
035 _a(BD-RjUL)80449
040 _aBD-RjUL
_beng
_cBD-RjUL
_dBD-RjUL
041 _aeng
082 _223
_a631.51
_bHOS 2007
100 _aHossain, Md. Ilias
_95038
245 1 0 _aStudies on productivity, soil fertility and N-Use efficiency in Rice-Wheat-Mungbean Systems using tillage options, straw Management and Nitrogen Leaves /
_cBy Md. Ilias Hossain ;
_6Supervisor : Golam Kabir, Co-Supervisor : Craig A. Meisner & Co-Supervisor : M. Firoz Alam
260 _aRajshahi :
_bDepartment of Agronomy and Agricultural Extension, University of Rajshahi,
_c2007
300 _axxv, 321 leaves :
_bill, ;
_c29.cm.
502 _aThesis (Ph. D.) -- Department of Agronomy and Agricultural Extension, University of Rajshahi, 2007
504 _aReferences : Leaves 293 - 317
650 _aSoil working (Tillage)
_95039
700 _aKabir, Golam, Supervisor
_93775
700 _a Meisner, Craig A. Co-Supervisor
_95040
700 _aAlam, M. Firoz Co-Supervisor
_95041
942 _2ddc
_cTHE
999 _c80449
_d80449